La primera universidad de América (Record no. 5885)

MARC details
000 -CABECERA
campo de control de longitud fija 00779nam a2200205 a 4500
001 - NÚMERO DE CONTROL
campo de control BRCA_6198
005 - FECHA Y HORA DE LA ÚLTIMA TRANSACCIÓN
campo de control 20190320205352.0
008 - DATOS DE LONGITUD FIJA--INFORMACIÓN GENERAL
campo de control de longitud fija 120711s1940----mx-a######---#000-0#spa-#
041 ## - CÓDIGO DE LENGUA
Código de lengua del texto/banda sonora o título independiente spa
044 ## - CÓDIGO DEL PAÍS DE LA ENTIDAD EDITORA/PRODUCTORA
Código MARC del país mx
050 #4 - SIGNATURA TOPOGRÁFICA DE LA BIBLIOTECA DEL CONGRESO
Número de clasificación LE7 M62
Número de documento/Ítem .P75 1940
245 10 - MENCIÓN DE TÍTULO
Título La primera universidad de América
Resto del título orígenes de la Antigua Real y Pontificia Universidad de México: XXX aniversario de su restablecimiento como Universidad Nacional de México
260 ## - PUBLICACIÓN, DISTRIBUCIÓN, ETC.
Lugar de publicación, distribución, etc. México
Nombre del editor, distribuidor, etc. Imprenta Universitaria
Fecha de publicación, distribución, etc. 1940
300 ## - DESCRIPCIÓN FÍSICA
Extensión 33 p.
Otras características físicas il. (algunas a color), 14 láminas
Dimensiones 24 cm.
500 ## - NOTA GENERAL
Nota general I58
650 14 - PUNTO DE ACCESO ADICIONAL DE MATERIA--TÉRMINO DE MATERIA
Término de materia o nombre geográfico como elemento de entrada Universidad Nacional de México
Subdivisión general Historia
9 (RLIN) 15593
710 2# - PUNTO DE ACCESO ADICIONAL--NOMBRE DE ENTIDAD CORPORATIVA
Nombre de entidad corporativa o nombre de jurisdicción como elemento de entrada Universidad Nacional Autónoma de México
Unidad subordinada Instituto de Investigaciones Estéticas
9 (RLIN) 15594
902 ## - CATALOGADOR
Iniciales GFM
942 ## - ELEMENTOS DE PUNTO DE ACCESO ADICIONAL (KOHA)
Fuente del sistema de clasificación o colocación Library of Congress Classification
Tipo de ítem Koha Libros
Holdings
Estado de retiro Estado de pérdida Estado dañado No para préstamo Localización permanente Ubicación/localización actual Fecha de adquisición Número de inventario Total de préstamos Signatura topográfica completa Código de barras Fecha visto por última vez Precio válido a partir de Tipo de ítem Koha
El ejemplar forma parte de la colección y puede ser consultado según las políticas vigentes.       Biblioteca del Museo Franz Mayer (Rogerio Casas-Alatriste) Biblioteca del Museo Franz Mayer (Rogerio Casas-Alatriste) 12/07/2011 I58   LE7 M62 .P75 1940 (I58) 6637 22/03/2019 22/03/2019 Libros